Απεναντίας

Λεπτομέρειες βιβλιογραφικής εγγραφής
Κύριος συγγραφέας: Αλεξίου, Δημήτρης Π., 1949- (Συγγραφέας)
Άλλοι συγγραφείς: Κυρτζάκη, Μαρία, 1948- (Επιμελητής έκδοσης), Μυταράς, Δημήτρης, 1934-2017 (Εικονογράφος)
Μορφή: Βιβλίο
Γλώσσα:Greek
Έκδοση: Αθήνα Διάττων 2006
LEADER 01158nam a2200253 u 4500
001 10117963
003 upatras
005 20220414080355.0
008 151015s2006 gr gre
020 |a 9607031768 
040 |a GR-PaULI  |c GR-PaULI 
041 0 |a gre 
082 0 4 |a 889.134 
100 1 |a Αλεξίου, Δημήτρης Π.,  |d 1949-  |4 aut  |9 37642 
245 1 0 |a Απεναντίας  |c Δημήτρης Αλεξίου; προμετωπίδα Δημήτρης Μυταράς  |c ; επιμέλεια Μαρία Κυρτζάκη 
260 |a Αθήνα  |b Διάττων  |c 2006 
300 |a 49 σ., [1] φύλλο με πίν.  |c 24 εκ. 
700 1 |9 146897  |a Κυρτζάκη, Μαρία,   |d 1948-  |4 edt 
700 1 |a Μυταράς, Δημήτρης,  |d 1934-2017  |4 ill  |9 33241 
852 |a GR-PaULI  |b ΠΑΤΡΑ  |b ΒΚΠ  |b ΔΩΡ  |k ΑΣΧΕ  |h 889.134 ΑΛΕ  |m 130166  |p 025000248515  |t 1  |g ΒΑΛ 
942 |2 ddc  |c BK15 
952 |0 0  |1 0  |2 ddc  |4 0  |6 889_134000000000000_ΑΛΕ  |7 0  |8 FIC  |9 185447  |a LISP  |b LISP  |c DON  |d 2016-04-24  |e ΒΑΛ  |i 130166  |l 0  |o 889.134 ΑΛΕ  |p 025000248515  |r 2017-05-10 00:00:00  |t 1  |w 2016-04-24  |y BK15 
998 |c ΣΑΤΛΑΝΗΣ  |d 2015-10 
999 |c 114251  |d 114251